000
00259nam a2200109 4500
001
3556
090
_a
3556
100
_a
20190723b u||y0fre||u0ba y50
200
_a
JUSO
_b
Périodique
_e
Bulletin de la jeunesse socialiste
210
_a
Genève
801
_a
CH
_b
CH-002049-8
955
_r
1974: 2